Discurso pronunciado por Don Manuel Siurot en el Teatro Llorens de Sevilla, en la tarde del 15 de Abril de 1916, por encargo del Ateneo de dicha ciudad. (Record no. 144749)

MARC details
000 -LEADER
campo de control de longitud fija 00721nam a2200193 4500
001 - NÚMERO DE CONTROL
campo de control 144749
003 - IDENTIFICADOR DE NÚMERO DE CONTROL
campo de control ES-MaACL
005 - FECHA Y HORA DE LA ÚLTIMA TRANSACCIÓN
campo de control 20230906201105.0
007 - CAMPO FIJO DE DESCRIPCIÓN FÍSICA--INFORMACIÓN GENERAL
campo de control de longitud fija t|
008 - DATOS DE LONGITUD FIJA--INFORMACIÓN GENERAL
campo de control de longitud fija 070214s1916 sp r ||||1| spa d
100 1# - ENTRADA PRINCIPAL--NOMBRE DE PERSONA
Nombre de persona Siurot, Manuel.
9 (RLIN) 106717
245 11 - MENCIÓN DEL TÍTULO
Título Discurso pronunciado por Don Manuel Siurot en el Teatro Llorens de Sevilla, en la tarde del 15 de Abril de 1916, por encargo del Ateneo de dicha ciudad.
260 ## - PUBLICACIÓN, DISTRIBUCIÓN, ETC.
Lugar de publicación, distribución, etc. Huelva :
Nombre del editor, distribuidor, etc. [s. n.],
Fecha de publicación, distribución, etc. 1916 (
Fabricante Imp. Muñoz)
300 ## - DESCRIPCIÓN FÍSICA
Extensión 32 p., 1 h. de lám. ;
Dimensiones 24 cm.
500 ## - NOTA GENERAL
Nota general Con retr. del aut.
594 ## - Nota al título y mención de responsabilidad
Nota al título y mención de responsabilidad Precede al título: Tercer Centenario de la muerte de Miguel de Cervantes Saavedra.
710 2# - ENTRADA AGREGADA--NOMBRE DE ENTIDAD CORPORATIVA
Nombre de entidad corporativa o nombre de jurisdicción como elemento de entrada Ateneo de Sevilla.
9 (RLIN) 2028
852 ## - LOCALIZACIÓN
Ubicación ES-MaACL
Número de control de estantería 1515-F-6
Holdings
Estatus retirado Estado de pérdida Estado de daño No para préstamo Colección Biblioteca de origen Biblioteca actual Ubicación en estantería Fecha de adquisición Fuente de adquisición Total de préstamos Signatura topográfica completa Código de barras Visto por última vez Precio de reemplazo Tipo de ítem Koha
        Colección de folletos Biblioteca del Ateneo de Madrid Biblioteca del Ateneo de Madrid Depósito folletos 17/01/2008     1515-F-6 1150946 23/02/2023 23/02/2023 Folleto